00500nam a2200193 a 4500001001300000003000900013005001700022008004100039020001100080082001600091100002800107245003100135260003400166300000900200500003500209505001300244650002100257700002800278nice12345678IN_TiNIC20260116012147.0050524s1964 luca grp 000 0 urd  ac0.6200a297.82bSID aSiddiqi, Mohammad Ishaq aMuharram Aur Us Ke Bidaat. aLucknowbNadwatul Ulemac1964 a48p. aincludes index and biblioraphy2 aAppendix aMuharram-Lucknow1 aSiddiqi, Mohammad Ishaq